00365nam a2200109Ia 4500008004100000082000800041100001900049245007100068942000600139952009500145999001500240240331s9999 xx 000 0 und d bNEW aMcHenry, R. ed 4aThe new encyclopaedia Britannica :bpropaedia outline of knowledge cL 001040708LaWERCLbWERCLcSSCd2024-03-31l0o 030 NEWp1260r2024-03-31w2024-03-31yL c3278d3278